In lotta contro la sterilità. (Record n. 214364)
[ formato base ]
| 000 -LEADER | |
|---|---|
| campo di controllo lung. fissa | 00844nam a2200229Ia 4500 |
| 001 - Numero di controllo | |
| campo di controllo | b3045-25346 [4354] |
| 003 - Identificatore del numero di controllo | |
| campo di controllo | IT-MiCISF |
| 005 - Data e orario dell'ultima transazione | |
| campo di controllo | 20230307120716.0 |
| 008 - Elementi di lunghezza fissa--Informazione generale | |
| campo di controllo lung. fissa | 161014s9999||||xx |||||||||||||| ||und|| |
| 040 ## - Fonte della catalogazione | |
| Agenzia catalografica originale | IT-MiCISF |
| Agenzia che fa la trascrizione | IT-MiCISF |
| 041 ## - Codice di lingua | |
| Codice di lingua del testo/traccia sonora o titolo separato | it |
| 100 ## - Accesso principale -- nome di persona | |
| Nome di persona | McGuirk James, McGuirk Mary Elizabeth |
| 9 (RLIN) | 59617 |
| 245 #0 - Formulazione del titolo | |
| Titolo | In lotta contro la sterilità. |
| Complemento del titolo | Uno psicologo e sua moglie si raccontano: le ansie, le cure, la crisi del matrimonio, la loro vittoria |
| 260 ## - Pubblicazione, distribuzione, ecc. (stampa) | |
| Luogo di pubblicazione, distribuzione, ecc. | Milano, |
| Nome dell'editore, distributore, ecc. | Franco Angeli, |
| Data di pubblicazione, distribuzione, ecc. | 1993 [Edizione originale: 1991] |
| 300 ## - Descrizione fisica | |
| Estensione | pp. 187 |
| 500 ## - Nota generale | |
| Nota generale | / sterilità, donna, uomo, esperienze, procreazione, psicologia, cura, terapia, coppia-in-crisi, adozione, procreazione-artificiale / |
| 650 ## - Accesso aggiunto di soggetto--termine topico | |
| Termine topico o nome geografico come accesso | procreazione |
| 9 (RLIN) | 56309 |
| 654 ## - Accesso aggiunto di soggetto--termini topici faccettati | |
| Termine principale | testimonianza |
| 700 ## - Accesso aggiunto--nome di persona | |
| Nome di persona | |
| 9 (RLIN) | 59618 |
| 942 ## - Dati aggiuntivi (Koha) | |
| Tipo copia default (Koha) | LIBRO |
| Fonte della classificazione o dello schema di collocazione (segnatura) | Dewey Decimal Classification |
| 999 ## - Sys Number locale (Koha) | |
| Koha Dewey Subclass [OBSOLETE] | si |
| Ritirato (status) | Perso (status) | Danneggiato (status) | Non per il presito | Biblioteca proprietaria | Biblioteca in cui si trova | Data d'acquisizione | Totale prestiti | Collocazione | Data ultima operazione | Prezzo in vigore dal | Tipo copia default (Koha) | Nota pubblica |
|---|---|---|---|---|---|---|---|---|---|---|---|---|
| Buone Condizioni | Not For Loan | CISF - Milano | CISF - Milano | 14/10/2016 | b3045-25346 [4354] | 14/10/2016 | 14/10/2016 | LIBRO | Data import 15.10.2016 / by Epidotti, Vaglietti |